000 00426nam a2200181Ia 4500
008 210210b1955 xxu||||| |||| 00| 0 eng d
041 _aeng
082 _a823/400
100 _aSHAKESPEARE (William)
245 _aComedies of Shakespeare
260 _aChicago
_bSpencer Press Inc
_c1955
300 _a1101
650 _aShakespeare
650 _aof
650 _aComedies
690 _aEnglish Drama
906 _a013943
999 _c133013
_d133013